000 00946cam a2200301 4500
001 4157958
003 ARRUPE
005 20150907120738.0
008 710202s1971 nyu 000 0 eng
010 _a 78095963
040 _aDLC
_cDLC
_dICU
_dDLC
041 1 _aengger
050 0 0 _aQC173
_b.H38613 1971
082 0 0 _a539.7
100 1 _aHeisenberg, Werner,
_d1901-1976.
_913868
240 1 0 _aTeil und das Ganze.
_lEnglish
245 1 0 _aPhysics and beyond;
_bencounters and conversations.
_cTranslated from the German by Arnold J. Pomerans.
250 _a[1st ed.]
260 _aNew York,
_bHarper & Row
_c[c1971]
300 _axviii, 247 p.
_c22 cm.
350 _a$7.95
490 0 _aWorld perspectives,
_vv. 42
500 _aTranslation of Der Teil und das Ganze.
650 0 _aNuclear physics.
_913630
650 0 _aPhysics
_xPhilosophy.
_919363
906 _a7
_bcbc
_corignew
_d2
_eopcn
_f19
_gy-gencatlg
942 _2lcc
_cMONOGRAPH
999 _c123252
_d123252